| 000 | 00660nam a2200205 i 4500 | ||
|---|---|---|---|
| 001 | bgj | ||
| 100 | 1 |
_aNICOLAI, Friedrich _d(1733-1811) |
|
| 245 | 1 | 0 |
_a"Kritik ist überall, zumal in Deutschland nötig" : _bSatiren und Schriften zur Literatur / _cFriedrich Nicolai. |
| 260 |
_aLeipzig ; _aWeimar : _bGustav Kiepenhauer Verlag, _c1987. |
||
| 300 |
_a581, [1] S. : _bill. ; _c21 cm. |
||
| 504 | _aBibliographie S. 517-[546]. | ||
| 505 | _aRegister. | ||
| 650 | 9 |
_aLiteratur _aDeutsch _yGeschichte 1759-1810 |
|
| 020 | _a3378001186 | ||
| 040 | _cBPK | ||
| 041 | 0 | _ager | |
| 920 | _a3-378-00118-6 | ||
| 942 | _cKS | ||
| 008 | s gw f |000 0 ger | ||
| 999 |
_c50961 _d50961 |
||
| 856 |
_uhttp://koha.tu.koszalin.pl/cgi-bin/koha/opac-detail.pl?biblionumber=50961 _yKatalog online BPK |
||